LEADER 01016nam a2200265 i 4500 001 000000175322 003 CaOOAMICUS 005 20081029000000.0 008 081029s1927 it u000 u ita u 013 $a152799 040 $aSeMil$bita 100 0 $aAristoteles,$d<384-322 a.C.>.$0(OLS)http://semarc/name/1263 245 10$aDell'anima /$cAristotele ; passi scelti e commentati da Vito Fazio-Allmayer. 250 $a3. ed. 260 $aBari :$bLaterza & Figli,$c1927. 300 $a117 p. ;$c21 cm. 490 0 $aPiccola biblioteca filosofica Laterza 700 1 $aFazio-Allmayer, Vito.$0(OLS)http://semarc/name/35640 830 0$aPiccola biblioteca filosofica Laterza.$0(OLS)http://semarc/title/18486 850 $aSeMil 852 $aSeMil$W1$xVenegono$y1$m1Z III 154$j126145$B126145$CSeMilBibl$Z2$F136852 $81 900 0 $aAristotele. 996 $6245$aDell'anima$9(OLS)http://semarc/title/251439 996 $6260$aBari :$bLaterza & Figli$9(OLS)http://semarc/publisher/29663 LEADER 00839nam a2200181 i 4500 001 000000044848 003 CaOOAMICUS 005 20210525142035.0 008 120816s1869 it u000 u lat u 013 $a16018 040 $aSeMil$bita 245 10$aQui est in primam partem. 300 $aXXXI, 519 p. 773 0 $aToledo, Francisco : de $tFrancisci Toleti e Societate Iesu S.R.E. Presbyteri cardinalis in summam theologiae S. Thomae Aquinatis enarratio.$dRomae : Typis S. Congregationis de Propaganda Fide ; Taurini : apud Petrum H. F. Marietti ; Parisiis : apud Victorium Haelianum, 1869-1870.$g1$w()27240 850 $aSeMil 852 $aSeMil$W1$xVenegono$y1$m2B V 35 FA$j11003$B11003$CSeMilBibl$Z2$F11003 $8I 996 $6245$aQui est in primam partem$9(OLS)http://semarc/title/66520